Project Runway Season 1 - Statistics

General Stats
  • This quiz has been taken 118 times
  • The average score is 10 of 12
Answer Stats
Place finished Designer % Correct
4th place Austin Scarlett
100%
12th place Daniel Franco
100%
Winner Jay McCarroll
100%
Runner Up Kara Saun
100%
5th place Robert Plotkin
100%
3rd place Wendy Pepper
100%
6th place Kevin Johnn
80%
7th place Alexandra Vidal
60%
11th place Mario Cadenas
60%
8th place Nora Caliguri
60%
10th place Starr Ilzhoefer
60%
9th place Vanessa Riley
60%
No matching quizzes found
Score Distribution
Percent of People with Each Score
Percentile by Number Answered
Your Score History
You have not taken this quiz